书目信息 |
| 题名: |
空港都市区空间成长机制与调控策略= Spatial development mechanism and regulatory strategies of the aerotropolis
|
|
| 作者: | 吕小勇 著 | |
| 分册: | ||
| 出版信息: | 北京 中国建筑工业出版社 2017.06 |
|
| 页数: | 186页 | |
| 开本: | 20cm | |
| 丛书名: | ||
| 单 册: | ||
| 中图分类: | TU984.1 | |
| 科图分类: | ||
| 主题词: | 城市规划 | |
| 电子资源: | ||
| ISBN: | 978-7-112-18967-0 | |
| 000 | 00766nam0 2200193 45 | |
| 001 | 1932896984 | |
| 005 | 20190305090920.79 | |
| 010 | @a978-7-112-18967-0@dRMB 55.00 | |
| 100 | @a20190305d2017 km y0chiy0120 ea | |
| 101 | 0 | @achi |
| 102 | @aCN@b110000 | |
| 200 | 1 | @a空港都市区空间成长机制与调控策略= Spatial development mechanism and regulatory strategies of the aerotropolis@Akong gang du shi qu kong jian cheng zhang ji zhi yu tiao kong ce lue=Spatial development mechanism and regulatory strategies of the aerotropolis@f吕小勇著@Flu xiao yong zhu |
| 210 | @a北京@c中国建筑工业出版社@d2017.06 | |
| 215 | @a186页@d20cm | |
| 606 | 0 | @a城市规划 |
| 690 | @aTU984.1@v4 | |
| 701 | 0 | @a吕小勇@Alu xiao yong@4著 |
| 801 | 0 | @aCN@bPFT@c20190305 |
| 905 | @a10447@dTU984.1@eL901 | |
| 空港都市区空间成长机制与调控策略= Spatial development mechanism and regulatory strategies of the aerotropolis/吕小勇著.-北京:中国建筑工业出版社,2017.06 |
| 186页;20cm |
| ISBN 978-7-112-18967-0:RMB 55.00 |
| ● |
| 相关链接 |
|
|
|
正题名:空港都市区空间成长机制与调控策略= Spatia
索取号:TU984.1/L901
 
预约/预借
| 序号 | 登录号 | 条形码 | 馆藏地/架位号 | 状态 | 备注 |
| 1 | 1304322 | 213043222 | 建筑库201/201建筑库 62排1列2层/ [索取号:TU984.1/L901] | 在馆 |